Catholic emancipation, 1829 to 1929 : essays /

Bibliographic Details
Format: Book
Language:English
Published: Freeport, NY : Books for Libraries Press, 1966
Series:Essay index reprint series
Subjects:

MARC

Tag First Indicator Second Indicator Subfields
LEADER 00000cam a2200000Ia 4500
001 in00000053182
005 20151007080508.0
008 791120r19661929nyu b 000 0 eng d
035 |a (OCoLC)ocm05718976 
035 |9 AAF4912AM 
040 |a IOO  |c IOO  |d OCL  |d OCLCQ  |d TXA  |d UtOrBLW 
043 |a e-uk-en 
049 |a TXAM 
090 |a BX1493  |b .C3 1966 
092 |a 282.42  |b C363 1966 
245 0 0 |a Catholic emancipation, 1829 to 1929 :  |b essays /  |c by various writers ; with an introduction by Cardinal Bourne. 
264 1 |a Freeport, NY :  |b Books for Libraries Press,  |c 1966 
264 4 |c ©1929 
300 |a ix, 280 pages ;  |c 21 cm. 
336 |a text  |b txt  |2 rdacontent 
337 |a unmediated  |b n  |2 rdamedia 
338 |a volume  |b nc  |2 rdacarrier 
490 0 |a Essay index reprint series 
505 0 |a Joy in harvest--a sequal to the Second Spring / W. Barry -- The Catholic church and the spiritual life / the Most Rev. Archbishop Goodier -- The Catholic church and education / Sir J. Gilbert -- The Catholic church and literature / A. Cecil -- The Catholic church and science / Sir B. C. A. Windle -- The Catholic church and music / E. Oldmeadow -- Catholics in public life / Viscount Fitzalan -- Catholics and philanthropy / the Bishop of Brentwood / -- Religious orders of men / Abbot Butler -- Religious communities of women / Maud Monahan -- The influence of Catholic laywomen / Margaret Fletcher -- Statistical progress of the Catholic church / H. Thurston -- The outlook / G. K. Chesterton. 
610 2 0 |a Catholic Church  |z England. 
650 0 |a Catholics  |z England  |x Intellectual life  |y 20th century. 
650 0 |a Catholic emancipation  |x Centennial celebrations, etc. 
949 |a updated  |b h  |c 2003/6/18  |e fpiscitelli  |f 5:47:16 pm 
994 |a E0  |b TXA 
999 |a MARS 
999 f f |s 1fdc9dee-3844-3d0d-a98a-234e1a4820a6  |i 4b71a23a-88e1-3a89-a8b2-e7f54d847949  |t 0 
952 f f |p ric  |a Texas A&M University  |b Rellis Campus  |c Joint Library Facility  |d Remote Storage  |t 0  |e BX1493 .C3 1966  |h Library of Congress classification  |i unmediated -- volume  |m A14800623075 
998 f f |a BX1493 .C3 1966  |t 0  |l Remote Storage